Ekonomická efektívnosť

Hodnotenie efektívnosti hospodárenia zvoleného podniku pomocou štandardných a moderných metód ekonomickej analýzy. Teoretické východiska zhľadiska pohľadu na rozvoj, stabilitu podniku a jeho schopnosť zvyšovať svoju pridanú hodnotu. Meranie efektívnosti, hospodárnosti a účinnosti podnikateľskej činn...

Full description

Saved in:
Bibliographic Details
Main Author: Havrilková, Veronika
Format: Book Chapter
Language:Slovak
Subjects:
Tags: Add Tag
No Tags, Be the first to tag this record!

MARC

LEADER 00000nla a2200000 4500
001 0239015
005 20240417075130.8
041 0 |a slo 
044 |a SK 
245 1 0 |a Ekonomická efektívnosť  |c Veronika Havrilková 
520 |a Hodnotenie efektívnosti hospodárenia zvoleného podniku pomocou štandardných a moderných metód ekonomickej analýzy. Teoretické východiska zhľadiska pohľadu na rozvoj, stabilitu podniku a jeho schopnosť zvyšovať svoju pridanú hodnotu. Meranie efektívnosti, hospodárnosti a účinnosti podnikateľskej činnosti. 
610 2 0 |a efektívnosť ekonomická 
610 2 0 |a ukazovatele hodnotové 
610 2 0 |a rentabilita podniku 
610 2 0 |a hodnota podniku 
610 2 0 |a riadenie finančné 
610 2 0 |a analýza ekonomická 
100 1 |a Havrilková, Veronika